Statistics for Countries with most Hinduism

Click here to take the quiz!

General Stats

  • This quiz has been taken 33 times
  • The average score is 9 of 10

Answer Stats

ContinentRankAnswer% Correct
Asia1India
100%
Asia2Nepal
100%
Asia5Pakistan
90%
Europe10United Kingdom
90%
Asia3Bangladesh
87%
North America7United States
87%
Asia4Indonesia
83%
Asia6Sri Lanka
83%
Asia8Malaysia
80%
Asia9China
73%

Score Distribution

Percentile by Number Answered

Percent of People with Each Score

Your Score History

You have not taken this quiz